<?xml version="1.0" encoding="UTF-8"?>
<record
    xmlns:xsi="http://www.w3.org/2001/XMLSchema-instance"
    xsi:schemaLocation="http://www.loc.gov/MARC21/slim http://www.loc.gov/standards/marcxml/schema/MARC21slim.xsd"
    xmlns="http://www.loc.gov/MARC21/slim">

  <leader>01135nam a2200181Ia 4500</leader>
  <controlfield tag="008">151202s9999||||xx |||||||||||||| ||und||</controlfield>
  <datafield tag="082" ind1=" " ind2=" ">
    <subfield code="b">PNVM-76162</subfield>
  </datafield>
  <datafield tag="100" ind1=" " ind2=" ">
    <subfield code="a">&#x915;&#x932;&#x93E;&#x92E; &#x905;&#x92C;&#x94D;&#x926;&#x941;&#x932;/&#x905;&#x928;&#x941;.&#x905;&#x902;&#x92C;&#x93F;&#x915;&#x947; &#x92E;&#x928;&#x94B;&#x91C;.</subfield>
  </datafield>
  <datafield tag="245" ind1=" " ind2=" ">
    <subfield code="a">&#x905;&#x938;&#x947; &#x918;&#x921;&#x935;&#x93E; &#x924;&#x941;&#x92E;&#x91A;&#x947; &#x92D;&#x935;&#x93F;&#x937;&#x94D;&#x92F;-&#x935;&#x93F;&#x91A;&#x93E;&#x930;&#x93E;&#x902;&#x928;&#x93E; &#x928;&#x935;&#x940; &#x926;&#x93F;&#x936;&#x93E;&#x926;&#x947;&#x923;&#x93E;&#x930;&#x902; &#x92A;&#x94D;&#x930;&#x947;&#x930;&#x923;&#x93E;&#x926;&#x93E;&#x92F;&#x940;&#x92A;&#x941;&#x938;&#x94D;&#x924;&#x915;.</subfield>
  </datafield>
  <datafield tag="260" ind1=" " ind2=" ">
    <subfield code="b">"&#x92E;&#x93F;&#x930;&#x930; &#x92A;&#x92C;&#x94D;&#x932;&#x93F;&#x936;&#x93F;&#x902;&#x917;,&#x92A;&#x941;&#x923;&#x947;."</subfield>
  </datafield>
  <datafield tag="260" ind1=" " ind2=" ">
    <subfield code="c">2015</subfield>
  </datafield>
  <datafield tag="300" ind1=" " ind2=" ">
    <subfield code="a">216</subfield>
  </datafield>
  <datafield tag="600" ind1=" " ind2=" ">
    <subfield code="a">&#x915;&#x932;&#x93E;&#x92E; &#x905;&#x92C;&#x94D;&#x926;&#x941;&#x932;/&#x905;&#x928;&#x941;.&#x905;&#x902;&#x92C;&#x93F;&#x915;&#x947; &#x92E;&#x928;&#x94B;&#x91C;.</subfield>
  </datafield>
  <datafield tag="630" ind1=" " ind2=" ">
    <subfield code="a">&#x905;&#x938;&#x947; &#x918;&#x921;&#x935;&#x93E; &#x924;&#x941;&#x92E;&#x91A;&#x947; &#x92D;&#x935;&#x93F;&#x937;&#x94D;&#x92F;-&#x935;&#x93F;&#x91A;&#x93E;&#x930;&#x93E;&#x902;&#x928;&#x93E; &#x928;&#x935;&#x940; &#x926;&#x93F;&#x936;&#x93E;&#x926;&#x947;&#x923;&#x93E;&#x930;&#x902; &#x92A;&#x94D;&#x930;&#x947;&#x930;&#x923;&#x93E;&#x926;&#x93E;&#x92F;&#x940;&#x92A;&#x941;&#x938;&#x94D;&#x924;&#x915;.</subfield>
  </datafield>
  <datafield tag="700" ind1=" " ind2=" ">
    <subfield code="a">&#x915;&#x932;&#x93E;&#x92E; &#x905;&#x92C;&#x94D;&#x926;&#x941;&#x932;/&#x905;&#x928;&#x941;.&#x905;&#x902;&#x92C;&#x93F;&#x915;&#x947; &#x92E;&#x928;&#x94B;&#x91C;.</subfield>
  </datafield>
  <datafield tag="730" ind1=" " ind2=" ">
    <subfield code="a">&#x905;&#x938;&#x947; &#x918;&#x921;&#x935;&#x93E; &#x924;&#x941;&#x92E;&#x91A;&#x947; &#x92D;&#x935;&#x93F;&#x937;&#x94D;&#x92F;-&#x935;&#x93F;&#x91A;&#x93E;&#x930;&#x93E;&#x902;&#x928;&#x93E; &#x928;&#x935;&#x940; &#x926;&#x93F;&#x936;&#x93E;&#x926;&#x947;&#x923;&#x93E;&#x930;&#x902; &#x92A;&#x94D;&#x930;&#x947;&#x930;&#x923;&#x93E;&#x926;&#x93E;&#x92F;&#x940;&#x92A;&#x941;&#x938;&#x94D;&#x924;&#x915;.</subfield>
  </datafield>
  <datafield tag="942" ind1=" " ind2=" ">
    <subfield code="c">BOOK</subfield>
  </datafield>
  <datafield tag="999" ind1=" " ind2=" ">
    <subfield code="c">1342821</subfield>
    <subfield code="d">1342818</subfield>
  </datafield>
  <datafield tag="952" ind1=" " ind2=" ">
    <subfield code="0">0</subfield>
    <subfield code="1">0</subfield>
    <subfield code="4">0</subfield>
    <subfield code="7">0</subfield>
    <subfield code="a">PNVM</subfield>
    <subfield code="b">PNVM</subfield>
    <subfield code="d">2015-06-21</subfield>
    <subfield code="g">0.00</subfield>
    <subfield code="l">0</subfield>
    <subfield code="o">PNVM-76162</subfield>
    <subfield code="p">PNVM-76162</subfield>
    <subfield code="r">2015-12-02 00:00:00</subfield>
    <subfield code="v">0.00</subfield>
    <subfield code="w">2015-12-02</subfield>
    <subfield code="y">BOOK</subfield>
  </datafield>
</record>
